Normal view
MARC view
Entry Topical Term
001 - CONTROL NUMBER
- control field: 33070
003 - CONTROL NUMBER IDENTIFIER
- control field: ARRUPE
005 - DATE AND TIME OF LATEST TRANSACTION
- control field: 20170713115150.0
008 - FIXED-LENGTH DATA ELEMENTS
- fixed length control field: 170713|| aca||aabn | a|a d
040 ## - CATALOGING SOURCE
- Original cataloging agency: ARRUPE
- Transcribing agency: ARRUPE
150 ## - HEADING--TOPICAL TERM
- Topical term or geographic name as entry element: Philosophy, Modern.
670 ## - SOURCE DATA FOUND
- Source citation: Work cat.: (ARRUPE)23803: Schacht, Richard, 1941- 33069, Classical modern philosophers :, 1984.